000 00787cab a2200253 4500
001 ABS59288
008 090401t1998 xxu||||| |||| 00| 0 eng d
035 _a(Sirsi) u88586
041 _aeng
100 _aHammerson, M,
245 _aLessons for surveyors
260 _c1998
350 _a0
490 _aRICS Building Conservation Journal
_v(20) Summer/Autumn 1998, 9-10(2)
520 _aExamines archaeological sites as a factor in town planning in the wake of PPG16. Considers the statutory background and the practical aspects of archaeology and development.
650 _aARCHAEOLOGICAL SITES
650 _aBUILDING DEVELOPMENT
650 _aPPG16
650 _aPRESERVATION
650 _aSTATUTES
690 _aCONSERVATION
942 _n0
948 _c22/09/1998
999 _c55995
_d55995